PRIVATE INTERNATIONAL LAW IN INDIA (Record no. 10135)

MARC details
000 -LEADER
fixed length control field 00309nam a22001457a 4500
003 - CONTROL NUMBER IDENTIFIER
control field SGT
082 ## - DEWEY DECIMAL CLASSIFICATION NUMBER
Classification number 346,NOR
100 ## - MAIN ENTRY--PERSONAL NAME
Personal name NORONHA,FE.
245 ## - TITLE STATEMENT
Title PRIVATE INTERNATIONAL LAW IN INDIA
250 ## - EDITION STATEMENT
Edition statement 2ND
260 ## - PUBLICATION, DISTRIBUTION, ETC. (IMPRINT)
Place of publication, distribution, etc NEW DELHI
Name of publisher, distributor, etc UNIVERSAL
Year of Publication 2013
300 ## - PAGE DESCRIPTION
No. of Pages 368
650 ## - SUBJECT ADDED ENTRY--TOPICAL TERM
Topical term or geographic name as entry element PRIVATE LAW
942 ## - ADDED ENTRY ELEMENTS (KOHA)
Source of classification or shelving scheme Dewey Decimal Classification
Koha item type Books
Holdings
Withdrawn status Lost status Source of classification or shelving scheme Damaged status Not for loan Collection code Home library Current library Shelving location Date acquired Vendor Name Cost, normal purchase price SGTU Bill Number Total Checkouts Full call number Accession No. (Barcode) Date last seen Date last borrowed Bill Date Koha item type
    Dewey Decimal Classification   Not For Loan LAW SGT Science & Social Sciences Library SGT Science & Social Sciences Library Reference Book 08/12/2016 JUPITER LAW BOOK COMPANY 295.00 SGTU 856 1 346,NOR FL531 08/02/2021 03/02/2021 31/10/2014 Books